00424 a2200145 4500003000400000005001700004008004100021020001800062040000900080082001500089100001900104245010200123260003800225300001500263OSt20230715124801.0230715b |||||||| |||| 00| 0 eng d a9788174090317 coclc a620bBAL/T aBallaney , P L aThermal engineering: bEngineering themodynamics and energy conversion techniques /cP L Ballaney aDelhi:bKhanna Publishers,c2022. a1514 pages